UM Logo

Leadership roles and management functions in nursing : (Record no. 3906)

MARC details
000 -LEADER
fixed length control field 00895nam a22002297a 4500
008 - FIXED-LENGTH DATA ELEMENTS--GENERAL INFORMATION
fixed length control field 160818b xxu||||| |||| 00| 0 eng d
020 ## - INTERNATIONAL STANDARD BOOK NUMBER
International Standard Book Number 0-7817-6785-7
082 ## - DEWEY DECIMAL CLASSIFICATION NUMBER
Edition number 2006
Classification number DC 362.1730
Item number M35l
100 ## - MAIN ENTRY--PERSONAL NAME
9 (RLIN) 13031
Personal name Marquis, Bessie L.
245 ## - TITLE STATEMENT
Title Leadership roles and management functions in nursing :
Remainder of title theory and application /
Statement of responsibility, etc. Bessie L. Marquis, Carol J. Huston.
250 ## - EDITION STATEMENT
Edition statement 5th Edition
260 ## - PUBLICATION, DISTRIBUTION, ETC. (IMPRINT)
Place of publication, distribution, etc. Philadelphia, PA :
Name of publisher, distributor, etc. Lippincott Williams & Wilkins,
Date of publication, distribution, etc. c2006.
300 ## - PHYSICAL DESCRIPTION
Extent xix, 723 pages :
Other physical details illustrations ;
Dimensions 22 cm.
500 ## - GENERAL NOTE
General note Includes bibliographical references and index
650 #0 - SUBJECT ADDED ENTRY--TOPICAL TERM
9 (RLIN) 13035
Topical term or geographic name as entry element Nursing services -- Administration
650 #0 - SUBJECT ADDED ENTRY--TOPICAL TERM
9 (RLIN) 13037
Topical term or geographic name as entry element Leadership
650 #0 - SUBJECT ADDED ENTRY--TOPICAL TERM
9 (RLIN) 13038
Topical term or geographic name as entry element Nurse administrators
650 #0 - SUBJECT ADDED ENTRY--TOPICAL TERM
9 (RLIN) 13039
Topical term or geographic name as entry element Nursing, Supervisory
650 #0 - SUBJECT ADDED ENTRY--TOPICAL TERM
9 (RLIN) 13040
Topical term or geographic name as entry element Nursing -- organization & administration
700 ## - ADDED ENTRY--PERSONAL NAME
9 (RLIN) 13041
Personal name Huston, Carol Jorgensen
942 ## - ADDED ENTRY ELEMENTS (KOHA)
Source of classification or shelving scheme Dewey Decimal Classification
Koha item type Circulation
Holdings
Withdrawn status Lost status Source of classification or shelving scheme Damaged status Not for loan Collection code Home library Current library Date acquired Source of acquisition Total Checkouts Full call number Barcode Date last seen Price effective from Koha item type
    Dewey Decimal Classification     Circulation UM Digos College - LIC UM Digos College - LIC 09/29/2007 Purchased   DC 362.1730 M35l 2006 19308 05/15/2025 08/18/2016 Circulation